Devises royales - Statistiques

Statistiques générales
  • Ce quiz a été pris 34 fois
  • Le résultat moyen est 3 sur 15
Statistiques - réponses
Hint Extra Hint Explanation Réponse % Correct
L'Union fait la force Belgique
45%
Sinus Deo Rien sans Dieu Hohenzollern Allemagne
38%
Dieu et mon droit Guillaume 1er Angleterre
38%
Je maintiendrai Maison d'Orange Pays-Bas
31%
Honi soit qui mal y pense Ordre de la Jarretière Angleterre
28%
Aquila Electa Jovis Omnia Vincit L'aigle élu de Jupiter vainc tout Autriche
17%
Dieu, ma Cause et mon Épée Henri Christophe 1er Haïti
17%
Nihil sine Deo Rien sans Dieu Roumanie
17%
Nec Aspera Terrent Ils ne redoutent pas les épreuves Hanovre Allemagne
14%
Nutrisco et extinguo Je nourris et j'éteins François 1er France
14%
Potius mori quam foedari Plutôt la mort que la souillure Maison de Bretagne France
14%
Ich dien Je sers Charles III Angleterre
10%
Duo praetendit unus L'une protège l'autre Henri IV France
10%
Nec pluribus impar A nul autre pareil Louis XIV France
10%
Spectanda fides C'est ainsi qu'on doit respecter la foi François II France
10%
Aucun quiz correspondant
Distribution des résultats
% des personnes avec chaque résultat
Percentile par nombre de réponses
Votre historique - résultats
Vous n’avez pas pris ce quiz